MARC

LEADER 00000nam0a2200000 4500
001 26850
005 20231030201826.0
010 |a 5836001588 
035 |a (RuTPU)RU\TPU\book\27095 
035 |a BOOK00027170 
090 |a 26850 
100 |a 20011209d2000 m y0rusy50 ca 
101 0 |a rus 
102 |a RU 
105 |a y j 001zy 
200 1 |a Задачи и упражнения по численным методам  |f А. А. Самарский, П. Н. Вабищевич, Е. А. Самарская 
210 |a Москва  |c Эдиториал УРСС  |d 2000 
215 |a 207 с. 
320 |a Библиогр.: с. 206-207. 
451 1 |0 (RuTPU)RU\TPU\book\152443  |y 978-5-484-00928-2  |t Задачи и упражнения по численным методам  |o [учебное пособие]  |f А. А. Самарский, П. Н. Вабищевич, Е. А. Самарская  |g Российская академия наук (РАН), Институт математического моделирования (ИММ) ; Московский государственный университет им. М. В. Ломоносова (МГУ)  |e 3-е изд., стер.  |c М.  |n КомКнига  |d 2007  |p 208 с.  |a Самарский, Александр Андреевич 
610 1 |a математика 
610 1 |a численные методы 
610 1 |a алгебра 
610 1 |a линейная алгебра 
610 1 |a нелинейные уравнения 
610 1 |a интегральные уравнения 
610 1 |a эллиптические уравнения 
610 1 |a дифференциальные уравнения 
610 1 |a математическая физика 
610 1 |a задачи 
610 1 |a упражнения 
610 1 |a решения 
610 1 |a практические пособия 
610 1 |a учебные пособия 
675 |a 519.61(076)  |v 3 
700 1 |a Самарский  |b А. А.  |g Александр Андреевич 
701 1 |a Вабищевич  |b П. Н.  |g Петр Николаевич 
701 1 |a Самарская  |b Е. А.  |g Елена Александровна 
801 0 |a RU  |b 63413507  |c 20011209  |g PSBO 
801 2 |a RU  |b 63413507  |c 20110414  |g PSBO 
942 |c BK